000
00328nam a2200133Ia 4500
008
240624s9999 xx 000 0 und d
041
_a
eng
082
_a
659.1 AHM
100
_a
AHMED AJAZ
245
_a
VELOCITY THE SEVEN NEW LAWS FOR A WORLD
260
_c
2012
_a
New Delhi
_b
Vermilion
300
_a
272 : p.
365
_c
RS
_b
25
999
_c
19281
_d
19281